[Event "Landesliga Nord 1415"]
[Site "Bayern"]
[Date "2014.11.23"]
[Round "3.2"]
[White "Graef, Harald"]
[Black "Kordts, Wolfgang"]
[Result "1-0"]
[WhiteElo "2153"]
[BlackElo "2159"]
[PlyCount "89"]
[EventDate "2014.10.19"]
[EventType "team-tourn"]
[EventRounds "9"]
[EventCountry "GER"]
[SourceTitle "EXT 2018"]
[Source "ChessBase"]
[SourceDate "2017.10.13"]
[SourceVersion "1"]
[SourceVersionDate "2017.10.13"]
[SourceQuality "1"]
[WhiteTeam "Wuerzburg"]
[BlackTeam "Nuernberg Sued SW"]
[WhiteTeamCountry "GER"]
[BlackTeamCountry "GER"]

1. d4 Nf6 2. Bg5 d5 3. e3 c5 4. Bxf6 gxf6 5. Nc3 Nc6 6. Qh5 e6 7. Nf3 cxd4 8. exd4 Bb4 9. Bd3 Bd7 10. 0-0 Qb6 11. Ne2 Bd6 12. a3 0-0-0 13. Qxf7 Rdf8 14. Qh5 Rfg8 15. b4 Rg7 16. c4 dxc4 17. Bxc4 Rhg8 18. g3 Kb8 19. Rfd1 Ne7 20. Nd2 f5 21. Nb3 Nd5 22. Bxd5 exd5 23. Nc5 Bc8 24. Nc3 Qd8 25. Nd3 f4 26. Qxd5 fxg3 27. hxg3 Rxg3+ 28. fxg3 Rxg3+ 29. Kf1 Bh3+ 30. Ke1 Rg2 31. Ra2 Bg3+ 32. Rf2 Qf6 33. Ne4 Bxf2+ 34. Ndxf2 Rg1+ 35. Kd2 Qf4+ 36. Kc2 Rg2 37. Qe5+ Qxe5 38. dxe5 Bf5 39. Kc3 h5 40. Rd8+ Kc7 41. Rh8 Rh2 42. Kd4 h4 43. Rh5 Bd7 44. Rh6 Kd8 45. Kd5 1-0

[Event "Landesliga Nord 1314"]
[Site "Bayern"]
[Date "2014.04.06"]
[Round "9.4"]
[White "Graef, Harald"]
[Black "Hepting, Heinrich"]
[Result "1-0"]
[WhiteElo "2173"]
[BlackElo "2218"]
[PlyCount "57"]
[EventDate "2013.10.13"]
[EventType "team"]
[EventRounds "9"]
[EventCountry "GER"]
[SourceTitle "EXT 2015"]
[Source "ChessBase"]
[SourceDate "2014.11.20"]
[SourceVersion "1"]
[SourceVersionDate "2014.11.20"]
[SourceQuality "1"]
[WhiteTeam "Wuerzburg"]
[BlackTeam "Zirndorf"]
[WhiteTeamCountry "GER"]
[BlackTeamCountry "GER"]

1. d4 f5 2. Bg5 c6 3. e3 Qb6 4. Nd2 d6 5. Ngf3 Qxb2 6. Rb1 Qc3 7. Bd3 h6 8. Bh4 g5 9. Bg3 Nf6 10. h4 Rg8 11. 0-0 Qa5 12. c4 Qd8 13. Qc2 e6 14. d5 cxd5 15. cxd5 Nxd5 16. e4 fxe4 17. Bxe4 Nc6 18. Bxd5 exd5 19. Qh7 Ne7 20. Rfe1 Kd7 21. Nd4 Rg7 22. Qxh6 gxh4 23. Qxh4 Nc6 24. Ne6 Qxh4 25. Nxf8+ Kc7 26. Bxh4 Ne5 27. Bf6 Rf7 28. Bxe5 Bf5 29. Rbc1+ 1-0

[Event "Landesliga Nord 1314"]
[Site "Bayern"]
[Date "2014.02.23"]
[Round "7.4"]
[White "Strobel, Walter"]
[Black "Graef, Harald"]
[Result "1/2-1/2"]
[WhiteElo "2275"]
[BlackElo "2173"]
[PlyCount "41"]
[EventDate "2013.10.13"]
[EventType "team"]
[EventRounds "9"]
[EventCountry "GER"]
[SourceTitle "EXT 2015"]
[Source "ChessBase"]
[SourceDate "2014.11.20"]
[SourceVersion "1"]
[SourceVersionDate "2014.11.20"]
[SourceQuality "1"]
[WhiteTeam "Klingenberg/Main"]
[BlackTeam "Wuerzburg"]
[WhiteTeamCountry "GER"]
[BlackTeamCountry "GER"]

1. e4 d5 2. exd5 Qxd5 3. Nf3 Bg4 4. Be2 Nf6 5. d4 e6 6. c4 Qd8 7. 0-0 Be7 8. Be3 0-0 9. h3 Bh5 10. Nbd2 Nbd7 11. a3 a5 12. g4 Bg6 13. Nh4 c5 14. Nxg6 hxg6 15. Bf3 cxd4 16. Bxd4 Nc5 17. Be3 a4 18. Rb1 Qc7 19. Qc2 Rfd8 20. Rfd1 Nfd7 21. Ne4 1/2-1/2

[Event "Landesliga Nord 1314"]
[Site "Bayern"]
[Date "2013.11.10"]
[Round "2.3"]
[White "Reis, Gerhard"]
[Black "Graef, Harald"]
[Result "1/2-1/2"]
[WhiteElo "2202"]
[BlackElo "2173"]
[PlyCount "80"]
[EventDate "2013.10.13"]
[EventType "team"]
[EventRounds "9"]
[EventCountry "GER"]
[SourceTitle "EXT 2015"]
[Source "ChessBase"]
[SourceDate "2014.11.20"]
[SourceVersion "1"]
[SourceVersionDate "2014.11.20"]
[SourceQuality "1"]
[WhiteTeam "Nuernberg Sued SW"]
[BlackTeam "Wuerzburg"]
[WhiteTeamCountry "GER"]
[BlackTeamCountry "GER"]

1. Nf3 f5 2. d4 Nf6 3. g3 g6 4. Bg2 Bg7 5. 0-0 0-0 6. c4 d6 7. Nc3 Nc6 8. b3 e5 9. dxe5 Ng4 10. Bg5 Qd7 11. e6 Qxe6 12. Nb5 Qd7 13. Nfd4 Nxd4 14. Nxd4 Re8 15. h3 Nf6 16. Bxf6 Bxf6 17. Rc1 Qg7 18. e3 Bxd4 19. Qxd4 Qxd4 20. exd4 c6 21. c5 d5 22. Rfe1 Bd7 23. f4 Rxe1+ 24. Rxe1 Re8 25. Re5 Rxe5 26. fxe5 g5 27. Bf3 Kf8 28. Kf2 Ke7 29. Ke3 Be8 30. b4 Bf7 31. a4 a6 32. Be2 Be6 33. Bd3 h6 34. h4 Bd7 35. hxg5 hxg5 36. Be2 Be6 37. b5 a5 38. bxc6 bxc6 39. Bd3 Bd7 40. Be2 Be6 1/2-1/2

[Event "Landesliga Nord 1213"]
[Site "Bayern"]
[Date "2013.04.14"]
[Round "9.5"]
[White "Graef, Harald"]
[Black "Gerl, Hans Peter"]
[Result "1-0"]
[WhiteElo "2161"]
[BlackElo "1930"]
[PlyCount "91"]
[EventDate "2012.10.14"]
[EventType "team-tourn"]
[EventRounds "9"]
[EventCountry "GER"]
[SourceTitle "EXT 2015"]
[Source "ChessBase"]
[SourceDate "2014.11.20"]
[SourceVersion "1"]
[SourceVersionDate "2014.11.20"]
[SourceQuality "1"]
[WhiteTeam "Wuerzburg"]
[BlackTeam "Zirndorf"]
[WhiteTeamCountry "GER"]
[BlackTeamCountry "GER"]

1. d4 Nf6 2. Bg5 e6 3. Nd2 Be7 4. e4 d6 5. Bd3 Nbd7 6. f4 e5 7. Ngf3 exd4 8. Nxd4 Nc5 9. 0-0 Bg4 10. Qe1 h6 11. Bh4 0-0 12. f5 Re8 13. h3 Bh5 14. g4 Bxg4 15. hxg4 Nxg4 16. Bxe7 Qxe7 17. Qg3 Nf6 18. Rae1 Ncd7 19. Re2 Kh8 20. Rg2 Rg8 21. Ne2 d5 22. Nc3 c6 23. exd5 cxd5 24. Re1 Qb4 25. Nb3 a5 26. a3 Qb6+ 27. Qf2 Qd8 28. Qd4 Re8 29. Rxe8+ Qxe8 30. Nxd5 Qe1+ 31. Bf1 Ne5 32. Nd2 Rd8 33. c4 b5 34. Qb6 Rxd5 35. cxd5 Ne4 36. Qb8+ Kh7 37. Rxg7+ Kxg7 38. Qxe5+ f6 39. Qxe4 Qxd2 40. Qg2+ Qxg2+ 41. Kxg2 b4 42. axb4 axb4 43. d6 Kf8 44. Bc4 Ke8 45. Be6 Kd8 46. Kh3 1-0

[Event "Oberliga Bayern 1112"]
[Site "Bayern"]
[Date "2012.01.15"]
[Round "5.3"]
[White "Gegenfurtner, Juergen"]
[Black "Graef, Harald"]
[Result "1-0"]
[WhiteElo "2263"]
[BlackElo "2185"]
[PlyCount "43"]
[EventDate "2011.10.02"]
[EventType "team-tourn"]
[EventRounds "9"]
[EventCountry "GER"]
[SourceTitle "EXT 2013"]
[Source "ChessBase"]
[SourceDate "2012.11.22"]
[SourceVersion "1"]
[SourceVersionDate "2012.11.22"]
[SourceQuality "1"]
[WhiteTeam "Neutraubling"]
[BlackTeam "Wuerzburg"]
[WhiteTeamCountry "GER"]
[BlackTeamCountry "GER"]

1. e4 c6 2. d4 d5 3. exd5 cxd5 4. Bd3 Nc6 5. c3 Qc7 6. Nd2 Nf6 7. Ngf3 Bg4 8. 0-0 e6 9. Re1 Bd6 10. Nf1 Bh5 11. Ng3 Bg6 12. Bg5 0-0 13. Bxf6 gxf6 14. Nh4 Bxd3 15. Qxd3 Kh8 16. Nh5 Qd8 17. Qd2 Rg8 18. Qh6 f5 19. Nf6 Rg7 20. Rxe6 Bf8 21. Kh1 Qc7 22. Re8 1-0

[Event "Oberliga Bayern 0910"]
[Site "Bayern"]
[Date "2009.10.18"]
[Round "1.3"]
[White "Nuber, Korbinian"]
[Black "Graef, Harald"]
[Result "1/2-1/2"]
[WhiteElo "2191"]
[BlackElo "2230"]
[PlyCount "30"]
[EventDate "2009.10.18"]
[EventType "team-tourn"]
[EventRounds "9"]
[EventCountry "GER"]
[SourceTitle "EXT 2011"]
[Source "ChessBase"]
[SourceDate "2010.11.26"]
[SourceVersion "1"]
[SourceVersionDate "2010.11.26"]
[SourceQuality "1"]
[WhiteTeam "Dillingen"]
[BlackTeam "Wuerzburg"]
[WhiteTeamCountry "GER"]
[BlackTeamCountry "GER"]

1. e4 d5 2. exd5 Qxd5 3. Nc3 Qa5 4. Nf3 Nf6 5. Bc4 Nc6 6. h3 Ne5 7. Nxe5 Qxe5+ 8. Qe2 Qxe2+ 9. Bxe2 Bf5 10. d3 0-0-0 11. Bf3 e6 12. Bg5 Be7 13. 0-0-0 Nd5 14. Bxe7 Nxe7 15. d4 c6 1/2-1/2

[Event "Oberliga Bayern 0708"]
[Site "Bayern"]
[Date "2008.04.06"]
[Round "8.6"]
[White "Huemmer, Bernd"]
[Black "Graef, Harald"]
[Result "1/2-1/2"]
[WhiteElo "2156"]
[BlackElo "2168"]
[PlyCount "41"]
[EventDate "2007.10.21"]
[EventType "team-tourn"]
[EventRounds "9"]
[EventCountry "GER"]
[SourceTitle "EXT 2009"]
[Source "ChessBase"]
[SourceDate "2008.11.26"]
[SourceVersion "1"]
[SourceVersionDate "2008.11.26"]
[SourceQuality "1"]
[WhiteTeam "Bamberg"]
[BlackTeam "Wuerzburg"]
[WhiteTeamCountry "GER"]
[BlackTeamCountry "GER"]

1. d4 d5 2. c3 Nf6 3. Bg5 c6 4. Nd2 Bf5 5. Ngf3 Nbd7 6. e3 h6 7. Bf4 e6 8. Be2 Be7 9. 0-0 0-0 10. Qb3 Qb6 11. Ne5 Nxe5 12. Bxe5 Ne4 13. Qxb6 axb6 14. Nxe4 Bxe4 15. Bc7 b5 16. a3 Rfc8 17. Bg3 Re8 18. Rac1 Rac8 19. Rfe1 Bf6 20. Bf1 g5 21. Bd6 1/2-1/2

[Event "Oberliga Bayern 0708"]
[Site "Bayern"]
[Date "2008.03.09"]
[Round "7.5"]
[White "Graef, Harald"]
[Black "Meier, Volker"]
[Result "1/2-1/2"]
[WhiteElo "2168"]
[BlackElo "2198"]
[PlyCount "70"]
[EventDate "2007.10.21"]
[EventType "team-tourn"]
[EventRounds "9"]
[EventCountry "GER"]
[SourceTitle "EXT 2009"]
[Source "ChessBase"]
[SourceDate "2008.11.26"]
[SourceVersion "1"]
[SourceVersionDate "2008.11.26"]
[SourceQuality "1"]
[WhiteTeam "Wuerzburg"]
[BlackTeam "Muenchen Tarrasch"]
[WhiteTeamCountry "GER"]
[BlackTeamCountry "GER"]

1. e4 c5 2. Nc3 Nc6 3. Bb5 e6 4. Bxc6 dxc6 5. d3 e5 6. f4 exf4 7. Bxf4 Nf6 8. Nf3 Be7 9. 0-0 0-0 10. Qe2 Bg4 11. h3 Bh5 12. g4 Bg6 13. Ne5 Ne8 14. Kg2 Nc7 15. Bg3 Bh4 16. Qf2 Bxg3 17. Qxg3 Ne6 18. Nd1 f6 19. Nxg6 hxg6 20. Ne3 Qd4 21. h4 Rad8 22. b3 Qd6 23. Qxd6 Rxd6 24. Kg3 Nd4 25. Rf2 Re8 26. Raf1 Rd7 27. h5 gxh5 28. gxh5 Re5 29. Nf5 Kh7 30. Kh4 Nxf5+ 31. Rxf5 Rde7 32. Rxe5 Rxe5 33. Rf5 Rxf5 34. exf5 b5 35. c4 b4 1/2-1/2

[Event "BL2-Ost 0607"]
[Site "Germany"]
[Date "2006.10.15"]
[Round "1.5"]
[White "Hoffmann, Paul"]
[Black "Graef, Harald"]
[Result "1-0"]
[WhiteElo "2275"]
[BlackElo "2180"]
[PlyCount "77"]
[EventDate "2006.10.15"]
[EventType "team-tourn"]
[EventRounds "9"]
[EventCountry "GER"]
[SourceTitle "EXT 2008"]
[Source "ChessBase"]
[SourceDate "2007.11.25"]
[SourceVersion "1"]
[SourceVersionDate "2007.11.25"]
[SourceQuality "1"]
[WhiteTeam "Dresden"]
[BlackTeam "Wuerzburg"]
[WhiteTeamCountry "GER"]
[BlackTeamCountry "GER"]

1. e4 e5 2. d4 exd4 3. Qxd4 Nc6 4. Qe3 Nf6 5. Bd2 Be7 6. Nc3 d5 7. exd5 Nxd5 8. Nxd5 Qxd5 9. Bd3 Bf5 10. Bxf5 Qxf5 11. 0-0-0 0-0-0 12. Qh3 Qd7 13. Bc3 Bg5+ 14. Kb1 Qxh3 15. Nxh3 Bh6 16. g4 f6 17. f4 g6 18. g5 Bg7 19. gxf6 Bh6 20. Ng5 Bxg5 21. fxg5 Rxd1+ 22. Rxd1 Rf8 23. Kc1 Rf7 24. h4 Nd8 25. Re1 Kd7 26. Kd2 Ne6 27. Ke3 c6 28. b4 Nc7 29. Kd3 Nd5 30. Bd2 b5 31. c4 bxc4+ 32. Kxc4 a6 33. Kc5 Rf8 34. a4 Rb8 35. Re4 h6 36. Bf4 Rc8 37. Bd6 hxg5 38. Re7+ Kd8 39. f7 1-0

[Event "Oberliga Bayern 0506"]
[Site "Bayern"]
[Date "2005.11.27"]
[Round "3.8"]
[White "Achhammer, Alois"]
[Black "Graef, Harald"]
[Result "0-1"]
[WhiteElo "2198"]
[BlackElo "2165"]
[PlyCount "58"]
[EventDate "2005.10.23"]
[EventType "team-tourn"]
[EventRounds "9"]
[EventCountry "GER"]
[SourceTitle "EXT 2007"]
[Source "ChessBase"]
[SourceDate "2006.11.23"]
[SourceVersion "1"]
[SourceVersionDate "2006.11.23"]
[SourceQuality "1"]
[WhiteTeam "Regensburg Fortuna"]
[BlackTeam "Wuerzburg"]
[WhiteTeamCountry "GER"]
[BlackTeamCountry "GER"]

1. e4 c5 2. c3 d5 3. exd5 Qxd5 4. d4 Nc6 5. dxc5 Qxd1+ 6. Kxd1 e5 7. b4 a5 8. Bb5 Bd7 9. Bd2 g6 10. a4 0-0-0 11. Nf3 Bg7 12. Ng5 Nh6 13. Ne4 Kc7 14. Nd6 Rhf8 15. Na3 Nf5 16. Nac4 axb4 17. cxb4 Nfd4 18. Ra3 Be6 19. Re1 f6 20. Bxc6 bxc6 21. b5 Rd7 22. b6+ Kb8 23. Na5 Bd5 24. f3 Ne6 25. Be3 Rfd8 26. Rd3 Bf8 27. Rxd5 cxd5 28. c6 Rxd6 29. c7+ Nxc7 0-1

[Event "BL2-Ost 0405"]
[Site "Germany"]
[Date "2005.03.13"]
[Round "8.8"]
[White "Graef, Harald"]
[Black "Roemling, Sven"]
[Result "1/2-1/2"]
[WhiteElo "2206"]
[BlackElo "2181"]
[PlyCount "42"]
[EventDate "2004.10.24"]
[EventType "team-tourn"]
[EventRounds "9"]
[EventCountry "GER"]
[SourceTitle "EXT 2007"]
[Source "ChessBase"]
[SourceDate "2006.11.23"]
[SourceVersion "1"]
[SourceVersionDate "2006.11.23"]
[SourceQuality "1"]
[WhiteTeam "Wuerzburg"]
[BlackTeam "Leipzig Mitte"]
[WhiteTeamCountry "GER"]
[BlackTeamCountry "GER"]

1. d4 Nf6 2. Bg5 e6 3. e4 h6 4. Bxf6 Qxf6 5. Nc3 d6 6. Qd2 g5 7. h4 Bg7 8. hxg5 hxg5 9. Rxh8+ Bxh8 10. Nf3 g4 11. e5 Qe7 12. Nb5 gxf3 13. Qh6 Bxe5 14. dxe5 fxg2 15. Bxg2 d5 16. 0-0-0 a6 17. Nd4 Nd7 18. f4 Nf8 19. f5 c5 20. Nf3 exf5 21. Rxd5 Be6 1/2-1/2

[Event "BL2-Ost 0405"]
[Site "Germany"]
[Date "2005.01.16"]
[Round "5.8"]
[White "Graef, Harald"]
[Black "Pohl Kuemmel, Jens Uwe"]
[Result "0-1"]
[WhiteElo "2206"]
[BlackElo "2221"]
[PlyCount "82"]
[EventDate "2004.10.24"]
[EventType "team-tourn"]
[EventRounds "9"]
[EventCountry "GER"]
[SourceTitle "EXT 2007"]
[Source "ChessBase"]
[SourceDate "2006.11.23"]
[SourceVersion "1"]
[SourceVersionDate "2006.11.23"]
[SourceQuality "1"]
[WhiteTeam "Wuerzburg"]
[BlackTeam "Regensburg"]
[WhiteTeamCountry "GER"]
[BlackTeamCountry "GER"]

1. e4 d6 2. d4 g6 3. Nc3 Bg7 4. Be3 c6 5. f4 Nf6 6. Nf3 0-0 7. Bd3 Nbd7 8. e5 Ng4 9. Bd2 c5 10. e6 cxd4 11. Ne4 fxe6 12. h4 d5 13. Neg5 Ndf6 14. Nxd4 Qb6 15. Bc3 e5 16. fxe5 Nxe5 17. Qd2 Nxd3+ 18. Qxd3 e5 19. Ne2 Bf5 20. Qd2 d4 21. Bb4 Rfc8 22. Rc1 Rc4 23. Ba3 Qc6 24. c3 Qxg2 25. Rg1 Qd5 26. b3 Rc6 27. cxd4 Rxc1+ 28. Bxc1 Re8 29. dxe5 Qxe5 30. Bb2 Qe7 31. Bxf6 Bxf6 32. Qd5+ Kg7 33. Rg2 h6 34. Nf3 Be4 35. Qh5 Qb4+ 36. Kf1 Bd3 37. Qd5 Rd8 38. Qe6 Qe4 39. Qxe4 Bxe4 40. Rg3 Rd3 41. Kf2 Bxf3 0-1

[Event "BL2-Ost 0405"]
[Site "Germany"]
[Date "2004.11.28"]
[Round "3.8"]
[White "Graef, Harald"]
[Black "Krauss, Hermann"]
[Result "1/2-1/2"]
[WhiteElo "2206"]
[BlackElo "2188"]
[PlyCount "56"]
[EventDate "2004.10.24"]
[EventType "team-tourn"]
[EventRounds "9"]
[EventCountry "GER"]
[SourceTitle "EXT 2007"]
[Source "ChessBase"]
[SourceDate "2006.11.23"]
[SourceVersion "1"]
[SourceVersionDate "2006.11.23"]
[SourceQuality "1"]
[WhiteTeam "Wuerzburg"]
[BlackTeam "Nuernberg NT"]
[WhiteTeamCountry "GER"]
[BlackTeamCountry "GER"]

1. e4 c5 2. c3 d5 3. exd5 Qxd5 4. d4 Nf6 5. Nf3 e6 6. Be3 cxd4 7. cxd4 Nbd7 8. Nc3 Qd6 9. Bd3 Be7 10. 0-0 a6 11. Qd2 b5 12. Rac1 Bb7 13. Bxb5 axb5 14. Nxb5 Qb4 15. Nc7+ Kd8 16. Nxa8 Bxa8 17. Qxb4 Bxb4 18. Ne5 Ke7 19. Nc6+ Bxc6 20. Rxc6 Nd5 21. a3 Bd6 22. Ra6 Rc8 23. Rc1 Rxc1+ 24. Bxc1 Bc7 25. Be3 N7b6 26. Bd2 Nc4 27. Bc3 Kd7 28. Ra8 g6 1/2-1/2

[Event "BL2-Ost 0304"]
[Site "Germany"]
[Date "2004.??.??"]
[Round "?.6"]
[White "Bartsch, Berthold"]
[Black "Graef, Harald"]
[Result "1-0"]
[WhiteElo "2310"]
[BlackElo "2200"]
[PlyCount "93"]
[EventDate "2003.10.??"]
[EventType "team-tourn"]
[EventRounds "8"]
[EventCountry "GER"]
[SourceTitle "CBM 100 Extra"]
[Source "ChessBase"]
[SourceDate "2004.07.06"]
[SourceVersion "2"]
[SourceVersionDate "2004.07.06"]
[SourceQuality "1"]
[WhiteTeam "Forchheim"]
[BlackTeam "Wuerzburg"]
[WhiteTeamCountry "GER"]
[BlackTeamCountry "GER"]

1. Nc3 d5 2. e4 dxe4 3. Nxe4 Qd5 4. Qf3 Nc6 5. Nc3 Qe5+ 6. Qe3 Bf5 7. Bb5 Qxe3+ 8. fxe3 Bxc2 9. Nf3 Bf5 10. Bxc6+ bxc6 11. b3 e6 12. Nd4 Ne7 13. Ba3 Nd5 14. Bxf8 Rxf8 15. e4 Nxc3 16. exf5 Nb5 17. Nxc6 exf5 18. Rc1 f6 19. 0-0 Kd7 20. Rxf5 Nd6 21. Rh5 h6 22. d3 Rfe8 23. Kf2 f5 24. Rh4 Re6 25. Ra4 a6 26. Rc5 Rae8 27. Nd4 Re3 28. Nxf5 Rxd3 29. Nxd6 Rxd6 30. Rc2 Rf6+ 31. Kg3 Re3+ 32. Kh4 Rd3 33. Rac4 c6 34. Ra4 g5+ 35. Kh5 Rd5 36. Rxa6 Rd4 37. g3 g4 38. Ra7+ Kd6 39. Rg7 Rd5+ 40. Kh4 h5 41. Rh7 Rg6 42. Rxh5 Rd4 43. Rh8 Kd7 44. Rh7+ Kd6 45. Kh5 Re6 46. Rg7 Re5+ 47. Rg5 1-0

[Event "BL2-Ost 0304"]
[Site "Germany"]
[Date "2004.??.??"]
[Round "?.7"]
[White "Graef, Harald"]
[Black "Kyas, Juergen"]
[Result "1/2-1/2"]
[WhiteElo "2200"]
[BlackElo "2250"]
[PlyCount "36"]
[EventDate "2003.10.??"]
[EventType "team-tourn"]
[EventRounds "8"]
[EventCountry "GER"]
[SourceTitle "CBM 100 Extra"]
[Source "ChessBase"]
[SourceDate "2004.07.06"]
[SourceVersion "2"]
[SourceVersionDate "2004.07.06"]
[SourceQuality "1"]
[WhiteTeam "Wuerzburg"]
[BlackTeam "Chemnitz"]
[WhiteTeamCountry "GER"]
[BlackTeamCountry "GER"]

1. d4 Nf6 2. Bg5 d5 3. Bxf6 exf6 4. e3 Bd6 5. c4 dxc4 6. Bxc4 0-0 7. Nc3 c6 8. Nge2 f5 9. Qc2 Nd7 10. 0-0-0 Nf6 11. Bd3 g6 12. h4 h5 13. e4 fxe4 14. Nxe4 Nxe4 15. Bxe4 Kg7 16. f3 Be6 17. g4 Rh8 18. Kb1 Qa5 1/2-1/2

[Event "BL2-Ost 0304"]
[Site "Germany"]
[Date "2003.??.??"]
[Round "?.7"]
[White "Salzmann, Peter"]
[Black "Graef, Harald"]
[Result "0-1"]
[WhiteElo "2240"]
[BlackElo "2200"]
[PlyCount "78"]
[EventDate "2003.10.??"]
[EventType "team-tourn"]
[EventRounds "8"]
[EventCountry "GER"]
[SourceTitle "CBM 100 Extra"]
[Source "ChessBase"]
[SourceDate "2004.07.06"]
[SourceVersion "2"]
[SourceVersionDate "2004.07.06"]
[SourceQuality "1"]
[WhiteTeam "Dresden SC"]
[BlackTeam "Wuerzburg"]
[WhiteTeamCountry "GER"]
[BlackTeamCountry "GER"]

1. c4 f5 2. g3 Nf6 3. Bg2 d6 4. d4 g6 5. h4 Bg7 6. Nc3 Nc6 7. Nh3 0-0 8. Bg5 e5 9. d5 Na5 10. b3 h6 11. Bd2 c6 12. Qc1 Kh7 13. Nd1 c5 14. Bc3 Ne4 15. Bb2 Bd7 16. Qe3 Nf6 17. Nc3 a6 18. Qd2 b5 19. cxb5 axb5 20. 0-0 b4 21. Nd1 f4 22. gxf4 Nh5 23. fxe5 dxe5 24. Qe3 Qxh4 25. Rc1 c4 26. bxc4 Nxc4 27. Rxc4 Qxc4 28. Bxe5 Ra3 29. Bxg7 Rxe3 30. Nxe3 Qh4 31. Bxf8 Bxh3 32. Bxh3 Qxh3 33. Bxb4 Nf4 34. Re1 Qh4 35. Bd2 Qg5+ 36. Kf1 Nxd5 37. Rd1 Nf4 38. Bc3 Qb5 39. Rd2 Qc6 0-1